| 000 | 01174cam a22002655a 4500 | ||
|---|---|---|---|
| 001 | L149585 | ||
| 008 | 100323e20100313xxk 000 0 eng d | ||
| 035 | _a(Sirsi) u149585 | ||
| 041 | 0 | _aeng | |
| 100 | 1 | _aShaw, Keith | |
| 245 | 0 | 4 | _aThe correct approach |
| 490 |
_aEstates Gazette _v(1010) 13 March 2010, 106-108(3) |
||
| 520 | _aAssesses the principles to be applied in seeking level of damages for breach of covenant. Outlines three approaches to assessing damages based on compensation, buy-out and account for profits. Discusses "Pell Frischmann Ltd v Bow Valley Iran Ltd [2009] UKPC 45" and other relevant case law. | ||
| 590 | _aKA | ||
| 650 | 2 | 4 | _aPELL FRISCHMANN ENGINEERING LTD V BOW VALLEY IRAN LTD |
| 650 | 2 | 4 | _aLUNN POLY LTD AND ANOTHER V LIVERPOOL AND LANCASHIRE PROPERTIES LTD AND ANOTHER |
| 650 | 2 | 4 | _aWROTHAM PARK ESTATE CO V PARKSIDE HOMES LTD |
| 650 | 2 | 4 | _aCARR-SAUNDERS V DICK MCNEIL ASSOCIATES LTD |
| 650 | 2 | 4 | _aTAMARES (VINCENT SQUARE) LTD V FAIRPOINT PROPERTIES (VINCENT SQUARE) LTD |
| 650 | 2 | 4 | _aFORSYTH-GRANT V ALLEN |
| 651 | 4 |
_aUnited Kingdom _y |
|
| 690 | _aPROPERTY-FREEHOLD PROPERTY | ||
| 700 | 1 | _aJames, Claire | |
| 942 | _n0 | ||
| 999 |
_c82215 _d82215 |
||